Environmental biotechnology (Record no. 395730)

MARC details
000 -LEADER
fixed length control field 00490 a2200181 4500
005 - DATE & TIME
control field 20260202162004.0
008 - FIXED-LENGTH DATA ELEMENTS--GENERAL INFORMATION
fixed length control field 260202b |||||||| |||| 00| 0 eng d
020 ## - ISBN
International Standard Book Number 9788170353362
Price Rs. 3995.00
040 ## - CATALOGING SOURCE
Original cataloging agency VIVEKANANDA LIBRARY
082 ## - DDC NUMBER
Classification number 660.60243637
Book Number A89E
100 ## - MAIN ENTRY--PERSONAL NAME
Personal name Arvind Kumar, ed.
245 ## - TITLE STATEMENT
Title Environmental biotechnology
260 ## - PUBLICATION, DISTRIBUTION, ETC. (IMPRINT)
Name of publisher, distributor, etc Daya Publishing House
Date of publication, distribution, etc 2024
Place of publication, distribution, etc New Delhi
300 ## - PHYSICAL DESCRIPTION
Pages xxii, 354
650 ## - Subject
Subject Biotechnology
650 ## - Subject
Subject Environmental Biotechnology
942 ## - ADDED ENTRY ELEMENTS (KOHA)
Koha item type Books
Holdings
Withdrawn status Lost status Source of classification or shelving scheme Damaged status Not for loan Location (home branch) Sublocation or collection (holding branch) Shelving location Date acquired Koha issues (times borrowed) Koha full call number Accession No. Koha date last seen Koha item type
    Dewey Decimal Classification     VIVEKANANDA LIBRARY VIVEKANANDA LIBRARY Vivekananda Library 07/01/2026   660.60243637 A89E 444003 07/01/2026 Books
© Designed and Maintained by Vivekananda Library, MDU Rohtak